| 000 | 01342nam0a22003611 4500 | ||
|---|---|---|---|
| 001 | v19\rc\1668713 | ||
| 005 | 20250619012720.0 | ||
| 035 | _a(NLR Aleph) 004776692 | ||
| 090 |
_a4654781 _c4654781 |
||
| 100 | _a20061002d1892 |||y0rusy50 ca | ||
| 101 | 0 | _arus | |
| 102 | _aRU | ||
| 105 | _aa z ||||| | ||
| 200 | 1 |
_aКоростовский клад _f[Соч.] А.И. Черепнина |
|
| 210 |
_aРязань _cРяз. учен. архив. комис. _d1892 |
||
| 215 |
_a[2], 5 с., 1 л. ил. _d30 |
||
| 311 | _aПрил. к "Тр. Ряз. учен. арх. комис.". 1893, т. 7 | ||
| 422 | 0 |
_12001#$aТруды Рязанской ученой архивной комиссии$v1893, т. 7 _tТруды Рязанской ученой архивной комиссии |
|
| 700 | 1 |
_4070 _7ca _8rus _aЧерепнин _bА. И. _cисторик, археолог _f1841-1905 _gАлексей Иванович _92641573 _3RU\NLR\AUTH\770273328 |
|
| 801 | 0 |
_aRU _bNLR _gpsbo |
|
| 801 | 0 |
_aRU _bRuMoRGB _2psbo |
|
| 801 | 1 |
_aRU _bProSoft-M _2rusmarc |
|
| 852 |
_aNLR _j18.173.1.299 |
||
| 899 |
_aRuMoRGB _jA 170/54 |
||
| 899 |
_aRuMoRGB _jJ 38/108 |
||
| 899 |
_aRuMoRGB _jU 135/19 |
||
| 899 | _aБАН | ||
| 899 | _aНБ СПбГУ | ||
| 899 | _aГПИБ | ||
| 899 | _aНБ МГУ | ||
| 942 | _cBOOK | ||
| 980 | _aNB | ||